000 00782nam a2200217Ii 4500
003 JO-AjNU
008 230605s9999||||xx |||||||||||||| ||und||
017 _a2020/14897
040 _aJO-AjNU
_bara
_erda
_cJO-AjNU
041 _aara
050 1 4 _aKZ7225 2021
100 3 _aالعبيدي، عمر عباس خضير,
_eauthor
_961744
245 0 0 _aمكافحة الجرائم السيبرانية كآلية لتعزيز الامن الاقليمي
250 _aط1
264 3 1 _aالقاهرة: مركز الدراسات العربية للنشر والتوزيع، 2021
300 _a294ص
336 _atext
_btxt
_2rdacontent
337 _aunmediated
_bn
_2rdamedia
338 _avolume
_bnc
_2rdacarrier
650 4 _aالحرب الالكترونية-قوانين
_961745
999 _aA27925
_c31493
_d31493